000 00193 a2200097 4500
001 892
100 _aPanneh,W.E
245 _aRadio installations
260 _a
_bChapman
_c
090 _c482
_d482
942 _aNUST-CAE
_cM
_c31178
999 _c235965
_d235965